000 00662nam a2200217Ia 4500
003 IN-BaIIA
008 211028s9999 xx 000 0 eng d
040 _cIIA Library
080 _a523.34
_bPRO
100 _aProctor, Richard A.
_91454
245 4 _aThe moon
_bthe motions aspect, scenery, and physical condition
_cRichard A. Proctor
250 _a2nd ed.
260 _aNew York
_bLongmans, Green
_c1907
300 _axi, 314p.
500 _aDonated by Mrs. Bappu
650 _aAstronomy and Astrophysics Thesaurus
650 _aMoon
650 _aPlanetary Systems
_9965
650 _aSolar System
942 _cBK
999 _c7469
_d7469